Catálogo
 En Linea

Dimensiones liberales y progresistas de la constitución de 1963 / (Registro nro. 51752)

Detalles MARC
000 -CABECERA
campo de control de longitud fija 01866nam a22003017a 4500
003 - IDENTIFICADOR DEL NÚMERO DE CONTROL
campo de control DO-SdBNP
005 - FECHA Y HORA DE LA ÚLTIMA TRANSACCIÓN
campo de control 20240305121802.0
007 - CAMPO FIJO DE DESCRIPCIÓN FÍSICA--INFORMACIÓN GENERAL
campo de control de longitud fija ta
008 - DATOS DE LONGITUD FIJA--INFORMACIÓN GENERAL
campo de control de longitud fija 210702e2017 dr r r 00| e spa spa d
020 ## - NÚMERO INTERNACIONAL ESTÁNDAR DEL LIBRO
Número Internacional Estándar del Libro 9789945899627
040 ## - FUENTE DE LA CATALOGACIÓN
Centro catalogador/agencia de origen DO-SdBNP
Lengua de catalogación spa
Centro/agencia transcriptor BNPHU
082 #4 - NÚMERO DE LA CLASIFICACIÓN DECIMAL DEWEY
Número de clasificación 342.729302
Número de documento/Ítem V156d
Número de edición 22
100 1# - ENTRADA PRINCIPAL--NOMBRE DE PERSONA
Nombre de persona Valentín Jiminían, Julio César,
Fechas asociadas al nombre 1966-
9 (RLIN) 15248
245 10 - MENCIÓN DE TÍTULO
Título Dimensiones liberales y progresistas de la constitución de 1963 /
Mención de responsabilidad, etc. Julio César Valentín Jiminián.
260 ## - PUBLICACIÓN, DISTRIBUCIÓN, ETC.
Lugar de publicación, distribución, etc. Santo Domingo :
Nombre del editor, distribuidor, etc. Alfa y Omega,
Fecha de publicación, distribución, etc. 2017.
300 ## - DESCRIPCIÓN FÍSICA
Extensión 294 p. :
Dimensiones 23 cm.
500 ## - NOTA GENERAL
Nota general Incluye datos biográficos del autor en la solapa de la cubierta
500 ## - NOTA GENERAL
Nota general Incluye referencias bibliográficas y notas al pie de las paginas.
500 ## - NOTA GENERAL
Nota general Incluye índice onomástico.
504 ## - NOTA DE BIBLIOGRAFÍA, ETC.
Nota de bibliografía, etc. Bibliografía : p. 183-193
505 0# - NOTA DE CONTENIDO CON FORMATO
Título Dedicatoria.--
-- Índice --
-- Julio César Valentín y la Constitución de Bosch.--
-- Notas del autor.--
-- A modo de introducción.--
-- I. Liberalismo, Constitución y progreso.--
-- II. Notas dominantes del constitucionalismo dominicano.--
-- III. Aspiraciones liberales y progresistas del triunfo de Bosch.--
-- IV. Matices progresistas de la Carta Magna de 1963. De los enunciados a los hechos concretos. Constitucionalismo social y otros contenidos progresistas: manzana de la discordia. El trabajo, los trabajadores y los excluidos. La familia, la educación y la salud. La propiedad y la economía social. --
-- V. Legado democrático e histórico del constitucionalismo de 1963.--
-- Bibliografía --
-- Índice onomástico --
-- Anexos
590 ## - NOTA LOCAL (RLIN)
Nota local Inventariado 2022 / YL
610 10 - PUNTO DE ACCESO ADICIONAL DE MATERIA--NOMBRE DE ENTIDAD CORPORATIVA
Nombre de entidad corporativa o nombre de jurisdicción como elemento de entrada República Dominicana.
Título de la obra Constitución (1963)
9 (RLIN) 79608
651 #4 - PUNTO DE ACCESO ADICIONAL DE MATERIA--NOMBRE GEOGRÁFICO
Nombre geográfico República Dominicana
Subdivisión general Constitución
9 (RLIN) 1008
651 #4 - PUNTO DE ACCESO ADICIONAL DE MATERIA--NOMBRE GEOGRÁFICO
Nombre geográfico República Dominicana
Subdivisión general Derecho constitucional
9 (RLIN) 9303
910 ## - DATOS DE OPCIÓN DEL USUARIO (OCLC)
Datos de opción del usuario YLockward/Validado. Control de calidad MFF
942 ## - ELEMENTOS DE PUNTO DE ACCESO ADICIONAL (KOHA)
Fuente del sistema de clasificación o colocación Dewey Decimal Classification
Tipo de ítem Koha Libro
Existencias
Estado de retiro Estado de pérdida Fuente del sistema de clasificación o colocación Restricciones de uso No para préstamo Código de colección Localización permanente Ubicación/localización actual Ubicación en estantería Fecha de adquisición Fuente de adquisición Signatura topográfica completa Código de barras Fecha visto por última vez Precio válido a partir de Tipo de ítem Koha Número de copia
    Dewey Decimal Classification Préstamo restringido   Patrimonio Dominicano Biblioteca Nacional Pedro Henríquez Ureña Biblioteca Nacional Pedro Henríquez Ureña Depósito 29.06.2018 Editora Búho BNPHU PD 342.729302 V156d 2022-2181 18.05.2022 18.05.2022 Libro  
    Dewey Decimal Classification Préstamo restringido   Patrimonio Dominicano Biblioteca Nacional Pedro Henríquez Ureña Biblioteca Nacional Pedro Henríquez Ureña Depósito 29.06.2018 Editora Búho BNPHU PD 342.729302 V156d 2022-2182 18.05.2022 18.05.2022 Libro e. 2
    Dewey Decimal Classification Préstamo en sala   Dominicana de Servicio Biblioteca Nacional Pedro Henríquez Ureña Biblioteca Nacional Pedro Henríquez Ureña Depósito 25.05.2022 Depósito Legal BNPHU DS 342.729302 V156d 2022-2406 25.05.2022 25.05.2022 Libro e.3
    Dewey Decimal Classification Préstamo en sala   Dominicana de Servicio Biblioteca Nacional Pedro Henríquez Ureña Biblioteca Nacional Pedro Henríquez Ureña Depósito 25.05.2022 Depósito Legal BNPHU DS 342.729302 V156d 2022-2407 25.05.2022 25.05.2022 Libro e.4
    Dewey Decimal Classification Préstamo en sala   Dominicana de Servicio Biblioteca Nacional Pedro Henríquez Ureña Biblioteca Nacional Pedro Henríquez Ureña Depósito 25.05.2022 Depósito Legal BNPHU DS 342.729302 V156d 2022-2408 25.05.2022 25.05.2022 Libro e.5

Con tecnología Koha